000 00427nam a2200181Ia 4500
001 20750
005 20260306172828.0
008 260306t2017||||xx |||||||||||||| ||spa||
041 _aESP
082 _a343.8
_bA47E
100 _aAlva Matteucci, Mario
_eAUT
245 0 _aReforma tributaria 2016-2017
260 _c2017
300 _a94 páginas :
_c29 cm.
650 _aGEN
654 _aCDE
942 _cLIB
_dJUS
_fJUS
_2ddc
_n
999 _c20750
_d20750